Quick Pick: French Accents Quiz Stats

 Plays Quiz not verified by Sporcle

Support Sporcle.
Go Orange.
Score 0/16 Timer 01:00
0 Plays Today
% Correct
???
45.1%
???
43.8%
???
42.8%
???
42.8%
???
40.9%
???
40.9%
???
38.1%
???
35.3%
% Correct
???
35.1%
???
34.2%
???
33.5%
???
31.6%
???
30.6%
???
25%
???
22%
???
10.4%

You're not logged in!

Compare scores with friends on all Sporcle quizzes.
OR
Log In

From the Vault

Three Letter 'W' Words

by Chenchilla

BONUS GAME: Flip your screen upside-down to play 'Three Letter Words that End in M'.
Remove Ads.
Support Sporcle.
Get the best of Sporcle when you Go Orange. This ad-free experience offers more features, more stats, and more fun while also helping to support Sporcle. Thank you for becoming a member.

Show Comments

Extras

Top Quizzes Today


Score Distribution

Your Account Isn't Verified!

In order to create a playlist on Sporcle, you need to verify the email address you used during registration. Go to your Sporcle Settings to finish the process.

Report this User

Report this user for behavior that violates our Community Guidelines.

Details: